| 000 | 00426cam a2200181ua 4500 | ||
|---|---|---|---|
| 020 | _cRs 2.00 | ||
| 041 |
_ahin _h |
||
| 082 |
_a891.54 _bNAR/RA |
||
| 100 | _aNarendra, Sharma . | ||
| 245 |
_aRakta chandan / _cNarendra Sharma. _hTextual Documents |
||
| 250 |
_a1 / _b. |
||
| 260 |
_a : _bBharati-Bhandar , _c1964. |
||
| 300 | _a77 ; . | ||
| 365 | _aRs 2.00 | ||
| 504 | _a | ||
| 942 | _cBK | ||
| 999 |
_c3665 _d3665 |
||